Villes de France de 3 lettres - Statistiques

Statistiques générales
  • Ce quiz a été pris 311 fois
  • Le résultat moyen est 3 sur 8
Statistiques - réponses
Population Département Ville % Correct
77 000 64 Pau
88%
40 000 05 Gap
72%
21 000 40 Dax
62%
11 000 84 Apt
40%
13 000 01 Gex
32%
12 000 14 Ifs
13%
19 000 59 Hem
9%
11 000 66 Pia
8%
Aucun quiz correspondant
Distribution des résultats
% des personnes avec chaque résultat
Percentile par nombre de réponses
Votre historique - résultats
Vous n’avez pas pris ce quiz